000 00624nam a2200193Ia 4500
003 GCL
008 140319s9999 xx 000 0 eng d
020 _a977 424 364 1
040 _aGCL /
_cGCL
082 0 4 _aCC
_b321.00962
_bH S
100 1 _aNELLY HANNA
245 1 0 _aTHE STATE AND ITS SERVANTS :
_bADMINISTRATION IN EGYPT FROM OTTOMAN TIMES TO THE PRESENT /
_cNELLY HANNA
260 _aالقاهرة :
_bTHE AMERICAN UNIVERSITY IN CAIRO PRESS ،
_c1995
300 _a24 CM ؛
_c128 P
650 0 4 _aPOLITICAL SCIENCE - HISTORY
650 0 4 _aSTATE, THE
650 0 4 _aEGYPT - POLITICS AND GOVERNMENT
942 _2ddc
_cBK
999 _c8894
_d8894